| 000 | 01195nam a22003497a 4500 | ||
|---|---|---|---|
| 001 | BR8301149 | ||
| 003 | BR-BrBNA | ||
| 005 | 20230928091613.0 | ||
| 007 | ta | ||
| 008 | 230509b bl.||||| |||| 00| 0 por d | ||
| 040 |
_aBR-BrBNA _bpor _cBiblioteca Nacional de Agricultura |
||
| 041 | _a(Por) | ||
| 072 |
_aF25; F60 _b0336 _b3830 _b/G514 |
||
| 090 | _ 0336 BR8301149 | ||
| 100 | 1 | _aVilela, L. | |
| 110 | 1 |
_aUniversidade Federal do Rio Grande do Sul, Porto Alegre (Brasil). Faculdade de Agronomia _0Dissertacao (Mestrado) |
|
| 245 | 1 | _aAbsorcao de fosforo por cultivares de soja afetadas por aluminio [Glycine max, Rio Grande do Sul, Brasil] | |
| 246 | 1 | _a[Phosphate uptake by soybean cultivars as affected by aluminum [Glycine max, Rio Grande do Sul, Brazil]] | |
| 260 | 3 |
_aPorto Alegre, RS (Brasil): _c1982. |
|
| 300 | _a89 p. | ||
| 500 | _a11 tables; 5 graphs; Bibliography p. 72-79 (77 ref.); Summaries (Eng, Por) | ||
| 650 | _aSOLO | ||
| 650 | _aFOSFORO | ||
| 650 | _aABSORCAO | ||
| 650 | _aALUMINIO | ||
| 650 | _aTOXIDEZ | ||
| 650 | _aFERTILIZANTE FOSFATADO | ||
| 650 | _aSOJA | ||
| 650 | _aRIO GRANDE DO SUL | ||
| 909 |
_a202309 _bLucia _c55 _dLucia Elande |
||
| 942 | _cBK | ||
| 999 |
_c34612 _d34612 |
||